00421nam a2200157Ia 4500008004100000020001800041082001400059100002000073245003000093250000900123260004600132300002400178500001900202600002700221650001500248240925s9999 xx 000 0 und d a9788131725689 a658.3 MON aMondy, R. Wayne 0aHuman Resource Management a10th aNew Delhi:bPearson Printice Hallc,2009. a981p.bNAfOriginal aIncludes Index aEngineering Technology aManagement